| 000 | 00630nmm a2200253 a 4500 | ||
|---|---|---|---|
| 003 | AR-BaBNM | ||
| 005 | 20251128210833.0 | ||
| 008 | 161020s[ca. ||||||||||||||000 | mul|| | ||
| 020 | _a84-95199-30-0 | ||
| 040 | _cAR-BaBNM | ||
| 100 | 1 | _aSmith, C.C. | |
| 245 | 1 | 0 |
_aDiccionario moderno inglés _bespañol-inglés, inglés- español |
| 260 |
_aBarcelona _bOcéano _c[ca. 1995] |
||
| 300 | _a1103 p. | ||
| 500 | _aContiene apéndices | ||
| 650 | 4 | _aDICCIONARIOS | |
| 650 | 4 | _aESPANOL | |
| 650 | 4 | _aINGLES | |
| 655 | _aREFERENCIA | ||
| 700 | 1 | _aDavies, G.A. | |
| 700 | 1 | _aHall, H.B. | |
| 942 | _cBK | ||
| 998 | _cRAQUEL | ||
| 999 |
_c17137 _d17137 |
||